000 00622cam a22002173a 4500
001 45163
003 PGUSA
005 20140828084031.0
008 140317s2014||||xxu|||||s|||||000 | eng d
040 _aPGUSA
_beng
042 _adc
100 1 _aTagore, Rabindranath,
_d1861-1941
245 1 0 _aPersönlichkeit
_h[electronic resource] /
_cRabindranath Tagore
260 _bProject Gutenberg,
_c2014
506 _aPublic domain in the USA.
516 _aElectronic text
700 1 _aMeyer-Franck, Helene,
_d1873-
830 0 _aProject Gutenberg
_v45163
856 4 0 _uhttp://www.gutenberg.org/ebooks/45163
942 _cEB
999 _c274414
_d274414